000 00519nam a2200193Ia 4500
005 20250508161650.0
008 008 250505s9999 xx 000 0 eng d
037 _aTextual
040 _aFEDL
_beng
_cFEDL
041 _aeng
_2eng
084 _a150, SWI
_qFEDL
100 _aSwift W Porter
_9771249
245 0 _aGeneral psychology
260 _aNew York, USA
_bMcGraw Hill Book Company
_c1969
300 _axii,381p
650 _aPsychology
942 _cTEXL
_h150, SWI
999 _c1371424
_d1371424